000
00341pab a2200145 454500
008
180718b2002 xxu||||| |||| 00| 0 eng d
100
_a
Wilkin, Peter
245
_a
Global poverty and orthodox security
260
_c
2002
300
_a
p.633-45.
362
_a
Aug
650
_a
Poverty
773
_a
Third World Quarterly
909
_a
54170
999
_c
54170
_d
54170